Loading...
History - World History | 0 | 4 | 0 | 1 | 40 | 44 | 69.75 | 0 | 1 |
History - European History | 0 | 2 | 0 | 0 | 20 | 48 | 59.50 | 0 | 1 |
Social Science | 0 | 2 | 0 | 1 | 20 | 97 | 101.00 | 0 | 0 |
Religion | 0 | 2 | 0 | 0 | 20 | 65 | 68.50 | 1 | 1 |
Literature - American Literature | 0 | 2 | 0 | 0 | 20 | 62 | 89.00 | 0 | 1 |
Science - Other Science | 0 | 2 | 0 | 1 | 20 | 29 | 47.50 | 1 | 2 |
Science - Biology | 0 | 2 | 0 | 0 | 20 | 42 | 55.00 | 1 | 2 |
Fine Arts - Classical Music | 0 | 2 | 1 | 0 | 15 | 102 | 103.50 | 0 | 0 |
Literature - European Literature | 0 | 1 | 0 | 0 | 10 | 81 | 81.00 | 0 | 1 |
Fine Arts - Other Fine Arts | 0 | 1 | 0 | 0 | 10 | 86 | 86.00 | 0 | 0 |
History - American History | 0 | 1 | 0 | 0 | 10 | 72 | 72.00 | 0 | 0 |
History - Other History | 0 | 2 | 2 | 0 | 10 | 11 | 31.00 | 1 | 2 |
Literature - British Literature | 0 | 1 | 0 | 0 | 10 | 89 | 89.00 | 0 | 0 |
Current Events | 0 | 1 | 0 | 0 | 10 | 54 | 54.00 | 0 | 0 |
Literature - World Literature | 0 | 1 | 0 | 0 | 10 | 83 | 83.00 | 1 | 1 |
Mythology | 0 | 2 | 2 | 0 | 10 | 53 | 66.00 | 0 | 1 |
Philosophy | 0 | 1 | 1 | 0 | 5 | 73 | 73.00 | 0 | 1 |
Painting/Sculpture | 0 | 1 | 2 | 0 | 0 | 112 | 112.00 | 0 | 0 |
Geography | 0 | 0 | 1 | 0 | -5 | 0.00 | 0 | 0 | |
Science - Physics | 0 | 0 | 2 | 0 | -10 | 0.00 | 0 | 0 |